| 000 | 00536cam a2200205ua 4500 | ||
|---|---|---|---|
| 001 | 8084 | ||
| 008 | 150108n ii |||gr||||Z||||||hin | ||
| 020 | _a8126700351 | ||
| 040 | _cMAIN | ||
| 041 | _ahin | ||
| 082 | _a891.43 | ||
| 100 |
_aDwivedi, H. P., _dA, _eAuthor. |
||
| 245 | 1 |
_aHindi sahitya : _bUdbhav aur vikas / _cBy Hazari Prasad Dwivedi . |
|
| 250 | _a4th. | ||
| 260 |
_aNew Delhi: _bRajkamal, _c2000. |
||
| 300 | _a266p. | ||
| 653 | _aEast Indo-European & Celtic literatures | ||
| 653 | _aHindi literature | ||
| 942 | _cBK | ||
| 999 |
_c7200 _d7200 |
||